| 000 | 00872cam a22002411 4500 | ||
|---|---|---|---|
| 001 | gs 48000029 | ||
| 003 | DLC | ||
| 005 | 20260227111353.0 | ||
| 008 | 761116s1947 dcu 000 0 eng | ||
| 010 | _ags 48000029 | ||
| 035 | _a(OCoLC)2560548 | ||
| 040 |
_aDLC _cTx _dDLC |
||
| 042 | _apremarc | ||
| 050 | 0 | 0 |
_aTD224.T4 _bS79 |
| 082 | _a628.1 | ||
| 100 | 1 |
_aSundstrom, Raymond W. _d1904- |
|
| 245 | 1 | 0 |
_aPublic water supplies in central and north-central Texas, _cby R. W. Sundstrom, W. L. Broadhurst, and Mrs. B. C. Dwyer. Prepared in cooperation between the Texas State Board of Water Engineers and the Geological Survey, U. S. Dept. of the Interior. |
| 260 |
_a[Washington] _c1947. |
||
| 300 |
_a237 l. _bmap. _c28 cm. |
||
| 500 | _aU.S. Geological Survey. Library for Library of Congress. | ||
| 650 | 0 |
_aWater-supply _zTexas. |
|
| 650 | 0 |
_aWater _xComposition. |
|
| 999 |
_c28242 _d28242 |
||